[Event "November Open Gsbo"]
[Site "?"]
[Date "2008.11.20"]
[Round "2"]
[White "Hales, William"]
[Black "Diaz, Reynaldo"]
[Result "1-0"]
[WhiteElo "1782"]
[BlackElo "1700"]
[Annotator "Rybka 3 (90s)"]
[PlyCount "97"]
[SourceDate "2006.11.11"]

{B07: Pirc Defence: Miscellaneous Systems} 1. d4 (1. e4 e5 $11) 1... d6 (1...
Nf6 2. Nc3 $11) 2. e4 $14 Nf6 {Black threatens to win material: Nf6xe4} 3. Nc3
g6 4. f3 {Covers g4} (4. Nf3 Bg7 $11) 4... Bg7 5. Be3 O-O 6. Qd2 e5 (6... c6 7.
g4 $14) 7. O-O-O exd4 8. Bxd4 Nc6 9. Be3 Be6 (9... a6 10. Nge2 $14) 10. Bh6 (
10. Nge2 Bc4 $14) 10... Ne5 (10... Bxh6 $5 {must be considered} 11. Qxh6 a6 $11
) 11. Bxg7 $14 Kxg7 12. h4 (12. f4 Nc6 $14) 12... h5 (12... Nh5 13. Rh2 $14)
13. Nh3 (13. f4 Neg4 $14) 13... Nh7 (13... Bxh3 14. Rxh3 (14. gxh3 $143 Nxf3
15. Qf2 Ne5 $15) 14... Re8 15. Be2 $14) 14. Nf4 (14. Ng5 Qf6 $16) 14... Bc4 (
14... a6 $5 $14 {has some apparent merit}) 15. Bxc4 $16 Nxc4 16. Qd4+ (16. Qd5
$142 Ne5 17. Qxb7 $16) 16... Qf6 $2 (16... Ne5 $142 $16) 17. Nxh5+ $1 $18 {
Decoy: h5} gxh5 18. Qxc4 Qf4+ 19. Kb1 c5 (19... c6 $18) 20. Nd5 Qg3 21. Ne7 Qe5
(21... Kh8 {hardly improves anything} 22. Nf5 Qg8 23. Nxd6 $18) 22. Nf5+ Kh8 (
22... Kg8 {does not save the day} 23. Rxd6 b6 24. Rhd1 $18) 23. Rxd6 (23. Nxd6
{keeps an even firmer grip} Qg7 24. Qxc5 Qg6 $18) 23... b5 24. Qd3 Rg8 (24...
a5 {does not help much} 25. Rh6 Rae8 26. Rxh5 $18) 25. Nh6 (25. f4 {
seems even better} Qe8 26. Rh6 b4 $18) 25... Rgf8 26. Rd1 Qg7 (26... a6 {
is no salvation} 27. Qd5 Qxd5 28. R1xd5 $18) 27. Qe3 c4 (27... f6 {
doesn't get the bull off the ice} 28. Nf5 Qg6 29. Qxc5 $18) 28. Qd4 (28. Nf5
$142 {it becomes clear that White will call all the shots} Qg8 29. g4 f6 $18)
28... f6 (28... Qxd4 {a fruitless try to alter the course of the game} 29.
R1xd4 Rab8 $18) 29. Rd7 (29. Nf5 $142 {and White has reached his goal} Qg6 30.
Rd7 $18) 29... Qxh6 $16 30. e5 (30. Qc5 $142 $5 $16) 30... fxe5 31. Qxe5+ Qf6
$4 {letting the wind out of his own sails} (31... Nf6 32. R7d6 $11) 32. Qc7 {
Loses material} (32. Qxh5 $142 {and the rest is a matter of technique} Qf5 33.
R1d5 Qxh5 34. Rxh5 $18) 32... Qf5 (32... Qg6 33. Rxh7+ Qxh7 34. Qe5+ Kg8 35.
Qd5+ Qf7 36. Qg5+ Qg7 37. Qd5+ Qf7 38. Qg5+ Qg7 39. Qd5+ Qf7 $11) 33. R1d5 {
White threatens to win material: Rd5xf5} Rfe8 $4 (33... Rae8 $142 {
would hold out} 34. Qa5 Qe6 35. Qc3+ Nf6 36. Rxh5+ Kg8 37. Rg5+ Kh8 $14) 34. a3
(34. Qg3 {might be the shorter path} Qf6 35. Rxh7+ Kxh7 36. Rxh5+ Qh6 37. Rxh6+
Kxh6 38. Qg5+ Kh7 $18) 34... Re1+ (34... Qg6 {doesn't change anything anymore}
35. Rxh7+ Qxh7 $18) 35. Rd1 (35. Ka2 $142 {ends the debate} Qg6 36. Qc5 $18)
35... Rxd1+ $11 36. Rxd1 {Black wins a piece} Nf6 $4 {
hands over the advantage to the opponent} (36... Re8 $142 $11 {
this is the best bet to save the position}) 37. Qf7 $18 Qe5 38. f4 $4 {
White threatens to win material: f4xe5. White loses the upper hand} (38. g4
$142 {and White is on the road to success} Re8 39. g5 $18) 38... Qxf4 $11 39.
Rd7 {White has a mate threat} Qh6 40. Rd6 {
White threatens to win material: Rd6xf6} Rf8 41. Qxa7 Qf4 {
Black threatens to win material: Qf4xd6} 42. Qe7 {
White threatens to win material: Qe7xf8} Ng4 (42... Ng8 $142 $5 43. Qd7 Qf5 $15
) 43. Rd7 {White has a mate threat} Qh6 44. Qe1 (44. Rc7 $5 $14 {
is an interesting idea}) 44... Qe3 $11 {Black threatens to win material: Qe3xe1
} 45. Qd1 Kg8 $4 {lets it slip away} (45... Nf6 $142 {was much better} 46. Rb7
Qe4 $11) 46. Qd5+ $18 Kh8 47. Qxh5+ Nh6 (47... Qh6 {
cannot undo what has already been done} 48. Qxg4 c3 49. Qd4+ Qf6 50. bxc3 Qxd4
51. cxd4 $18) 48. Qg6 Rf7 (48... Nf7 {is the last straw} 49. Rd5 Qe1+ 50. Ka2
Qxh4 51. Rh5+ Qxh5 52. Qxh5+ Kg7 53. Qxb5 Rc8 $18) 49. Rd8+ (49. Rd8+ Qe8 50.
Rxe8+ Rf8 51. Rxf8+ Ng8 52. Rxg8#) 1-0

[Event "NC Open"]
[Site "Greensboro, NC"]
[Date "2008.11.02"]
[Round "5"]
[White "Simpson, Ron"]
[Black "Mabe, Chris"]
[Result "1-0"]
[WhiteElo "2315"]
[BlackElo "2290"]
[Annotator "Rybka 3 (90s)"]
[PlyCount "81"]
[EventDate "2008.??.??"]
[SourceDate "2006.11.11"]

{A36: Symmetrical English vs ...g6: 4 Bg2 Bg7    Hi, this is FM Ron Simpson
with some opening remarks.  For Round 5, I was delighted to have control over
my destiny at the NC Open   Championship!  Chris Mabe was the current Champion,
so this was the most important game of the tournament for me.  The winner
would be the NC Champion.  I elected to go into the Botvinnik English
variation after starting out in a Sicilian defense. Chris and I have played a
few times, and I knew how resourceful he is, so a Sicilian defense was the
last thing I wanted to play against.  Chris had lost to Timur in round four
with a better position, and I figured he would still be feeling the effects of
that game.  A slow positional game between us would be best for me. My
strategy  turned out to work well, but  I missed a critical  tactic that
allowed Chris to win a  pawn!  I was indeed lucky to come out of it with a
great position. The game ended with me surviving a successful tactical shot by
Chris.} 1. e4 c5 2. c4 (2. Nf3 Nc6 $11) 2... Nc6 3. Nc3 g6 4. g3 (4. Nf3 Bg7
$11) 4... Bg7 5. Bg2 a6 {Controls b5} (5... d6 6. d3 $11) 6. Nge2 (6. Nf3 Nf6
$11) 6... e6 {Prevents intrusion on d5} (6... h5 7. h4 $11) 7. O-O Nge7 8. d3
Rb8 (8... d6 9. Rb1 $11) 9. a4 (9. Be3 Nd4 $11) 9... O-O 10. Bf4 d6 {
Consolidates e5} 11. Qd2 Na5 (11... Qc7 12. h4 $11) 12. Ra3 (12. Rab1 Nb3 13.
Qc2 Qb6 $11) 12... Qb6 13. Rb1 Rd8 (13... Bd7 $5 $11) 14. b4 $14 {
White threatens to win material: b4xa5} Nac6 (14... cxb4 15. Be3 Qc7 16. Rxb4
$14) 15. bxc5 (15. a5 Qa7 16. Be3 b6 17. axb6 Rxb6 $11) 15... Qxc5 $14 16. Rab3
Nd4 17. Nxd4 Bxd4 18. Bg5 Bxf2+ (18... f6 19. Be3 $14) 19. Kf1 (19. Kh1 $142 $5
Re8 20. e5 $16) 19... f6 $11 {Black threatens to win material: f6xg5} 20. Qxf2
(20. Bxf6 Bd4 21. Bxe7 Re8 $11) 20... fxg5 (20... Qxg5 21. Qb6 Nc6 22. e5 $11)
21. Kg1 Nc6 22. Rb6 Nd4 (22... Qa5 23. Rxc6 bxc6 24. Rxb8 Qxc3 25. h3 $11) 23.
Kh1 {White has a king attack} (23. Rf1 Bd7 24. Qf7+ Kh8 25. Qf6+ Kg8 26. Qf7+
Kh8 27. Qf6+ Kg8 28. Qf7+ $11) 23... Rf8 {
Black threatens to win material: Rf8xf2} 24. Qe3 {Black king safety improved}
Nc2 (24... Qe5 $142 $5 $15 {is interesting}) 25. Qxc5 $14 dxc5 26. e5 Rf5 (
26... Nb4 27. Rd6 b6 28. Ne4 $14) 27. Be4 {
White threatens to win material: Be4xf5} (27. Rxa6 Rxe5 28. Be4 Bd7 $16) 27...
Rxe5 (27... Rf7 28. a5 Ne3 29. Na4 $16) 28. Rxa6 Ne3 $2 (28... Bd7 $142 $16)
29. Rd6 $18 Ng4 (29... Kg7 30. a5 $18) 30. Rd8+ Kf7 (30... Kg7 31. a5 $18) 31.
a5 Nf2+ (31... Ra8 $18 {what else?}) 32. Kg2 Nxe4 33. dxe4 Ke7 (33... Kg7 {
does not improve anything} 34. a6 $1 {Deflection: b7} b6 35. Rbd1 $18) 34. Rbd1
(34. Rh8 Ra8 35. Rxh7+ Ke8 $18) 34... g4 35. Rh8 (35. Rg8 {seems even better}
b6 36. a6 Kf7 $18) 35... Rh5 (35... b6 36. axb6 Kf6 37. Rd2 $18) 36. Rdd8 Ra8 (
36... b6 {is not much help} 37. Rxc8 Rxc8 38. Rxc8 bxa5 39. Ra8 $18) 37. Rxc8
Rxa5 38. Rc7+ (38. e5 $5 {keeps an even firmer grip} Kd7 39. Rcd8+ Ke7 $18)
38... Kf6 39. Re8 (39. Rd8 {might be the shorter path} Ra1 40. Rd1 Rxd1 41.
Nxd1 Ke5 $18) 39... Ra3 $4 {
the position was bad, and this mistake simply hastens the end} (39... Ra1 $142
$16) 40. Rf8+ $18 Ke5 (40... Kg5 {otherwise it's curtains at once} 41. Rxc5+
Kh6 42. Rxh5+ Kxh5 $18) 41. Rxc5+ (41. Rxc5+ Kd6 42. Rxh5 $18) 1-0

[Event "NC Open Championship"]
[Site "Greensboro, NC"]
[Date "2008.11.02"]
[Round "4"]
[White "Simpson , Ron"]
[Black "Dana, Maurice "]
[Result "1-0"]
[WhiteElo "2315"]
[BlackElo "2210"]
[Annotator "Rybka 3 (90s)"]
[PlyCount "41"]
[EventDate "2008.??.??"]
[SourceDate "2006.11.11"]

{C68: Ruy Lopez: Exchange Variation, sidelines} {Hi, this is FM Ron Simpson
with some opening remarks.  In round 4 of the NC Open, I was happy to see
Maurice Dana because we must have played over ten games and he always goes
into a Ruy Lopez!  I am very much afraid to play against his Marshall, so I
decided  to test him with a hybrid  exchange variation. The game ended quickly
with Maurice trying a piece sacrifice.} 1. e4 e5 (1... e6 2. d4 $14) 2. Nc3 (2.
Nf3 Nc6 $11) 2... Bc5 3. Nf3 Nc6 (3... d6 4. Bc4 $11) 4. Bb5 (4. Nxe5 Nf6 $14)
4... a6 5. Bxc6 dxc6 {Black has the pair of bishops} ({Worse is} 5... bxc6 6.
Nxe5 Qg5 7. Ng4 $16) 6. Ne2 {White's piece can't move: c1} Nf6 7. d3 {
Prevents intrusion on e4} Bg4 (7... Qe7 $5 $11 {should be considered}) 8. Nxe5
$16 Qe7 9. Nxg4 Nxg4 10. d4 O-O-O 11. f3 {
White threatens to win material: f3xg4} (11. c3 Ba7 12. Ng3 Nf6 $16) 11... Rhe8
(11... Qh4+ $142 12. g3 Qe7 $14) 12. fxg4 $4 {
with this move White loses his initiative.} (12. c3 Ba7 13. O-O Nf6 $16) 12...
Qxe4 $4 {Black has let it slip away} (12... Bxd4 $142 13. Qd3 Ba7 $17) 13. O-O
$14 {White should quickly conclude development.} Qxg4 (13... Bb6 14. Kf2 $16 (
14. Rxf7 $143 Qxe2 15. Qxe2 Rxe2 $11)) 14. Ng3 (14. Rf3 $142 $5 Bxd4+ 15. Nxd4
Rxd4 16. Qf1 $16) 14... Bxd4+ $14 15. Kh1 Qg6 (15... Qxd1 16. Rxd1 Be5 17.
Rxd8+ Rxd8 18. Kg1 $14) 16. Qd3 Qxd3 17. cxd3 {White wins a piece} Bb6 (17...
f6 18. Rb1 $14) 18. Bd2 $16 Rxd3 19. Bc3 f6 20. Nh5 {
White threatens to win material: Nh5xg7} Bd4 (20... Rg8 21. Rae1 $16) 21. Nf4 (
21. Nf4 Rxc3 22. bxc3 Bxc3 23. Rac1 $16) 1-0

[Event "NC Open Championship"]
[Site "Greensboro, NC"]
[Date "2008.11.01"]
[Round "3"]
[White "Aliyev , Timur "]
[Black "Simpson , Ron"]
[Result "1-0"]
[WhiteElo "2250"]
[BlackElo "2315"]
[Annotator "Rybka 3 (90s)"]
[PlyCount "57"]
[EventDate "2008.??.??"]
[SourceDate "2006.11.11"]

{C50: Hungarian Defence and Giuoco Pianissimo} {Hi, this is FM Ron Simpson
with some opening remarks.  Round 3 of the NC Open was a tragic game for me.
Timur Aliyev is a strong competitor, and I believe he is actually stronger
than his rating suggests. So, when he played the four Knights I was a little
taken aback and felt fairly comfortable. I thought he was playing for a draw!
The last time he and I played, I won in a Sicilian Defense, so I thought he
was simply playing it safe.   I have played many Ruy Lopez defenses in the
USCL, so I felt particularly  confident against the Four Knights!!  I decided
to experiment with a few ideas, and got into some trouble.  I continued to
play aggressively with moves like 14.g5, but I completely miscalculated the
position after 20.gxf4 (The nail in my coffin). Timur went on to win this game
and the tournament.  Bitter sweet for me, but that's Chess!} 1. e4 e5 2. Nf3 {
White threatens to win material: Nf3xe5} Nc6 (2... Nf6 3. d4 $14) 3. Nc3 (3.
Bb5 Nge7 $11) 3... Bc5 (3... Nf6 4. Be2 $11) 4. Bc4 (4. Nxe5 Nxe5 5. d4 Bd6 6.
dxe5 Bxe5 $14) 4... Nf6 $11 5. d3 h6 {Secures g5} 6. O-O d6 7. h3 {Controls g4}
a6 {Covers b5} 8. Be3 Ba7 (8... Bxe3 9. fxe3 O-O 10. Kh1 $11) 9. a4 (9. Bxa7
Nxa7 10. d4 exd4 11. Nxd4 O-O $11) 9... Nd4 (9... Bxe3 $5 10. fxe3 O-O $11) 10.
Bxd4 $14 exd4 {Black has the pair of bishops} 11. Ne2 c5 12. Nf4 O-O 13. c3
dxc3 (13... Nd7 14. Qb3 Qf6 15. Nd5 $14) 14. bxc3 g5 (14... Qc7 15. Re1 $16)
15. Nd5 Bb8 (15... Nxd5 16. Bxd5 (16. exd5 $6 Re8 $11) 16... Qf6 17. Qc2 $16)
16. a5 Nxd5 17. Bxd5 {The white bishop on an outpost} Bc7 18. Nd2 (18. Qd2 Kg7
$16) 18... Bxa5 $14 19. Qb3 {The backward pawn on b7 becomes a target} Bc7 20.
f4 gxf4 $2 (20... Rb8 $5 $11 {might be a viable alternative}) 21. Rxf4 $14 Qg5
(21... Kh7 $5 $14) 22. Raf1 $16 Bxh3 23. e5 Kh8 (23... Rae8 $5 24. Rxf7 Rxf7
25. Rxf7 Kh8 $18) 24. Qxb7 $18 dxe5 $4 {
the pressure is too much, Black crumbles} (24... Rac8 $142 25. R1f2 dxe5 $18)
25. Rxf7 Qe3+ (25... Rfc8 {praying for a miracle} 26. Be4 Be6 27. Rxc7 Rxc7 28.
Qxc7 Qg7 29. Qxg7+ Kxg7 30. Bxa8 h5 $18) 26. Kh2 Rg8 27. Qxc7 Qg3+ 28. Kg1 Qe3+
29. R1f2 (29. R1f2 Bf5 30. Nf1 Rac8 31. Qd6 Rg6 32. Rf8+ Kh7 33. Qe7+ Rg7 34.
Bg8+ Kg6 35. Qf6+ Kh5 36. Nxe3 Bd7 37. Qxg7 c4 38. Qxe5+ Kh4 39. g3+ Kh3 40.
Rh2#) (29. Kh1 Bf5 30. R1xf5 Qe1+ 31. Rf1 Rg7 32. Rxe1 Rxf7 33. Qxf7 Rb8 34.
Qf6+ Kh7 35. Qf5+ Kg7 36. Qxe5+ Kg6 37. Qxb8 Kf6 38. Rf1+ Kg6 39. Bf7+ Kg5 40.
Qg3#) 1-0

[Event "NC Open Championship"]
[Site "Greensboro, NC"]
[Date "2008.11.01"]
[Round "2"]
[White "Simpson , Ron"]
[Black "Tkatchouk , Vladimir "]
[Result "1-0"]
[WhiteElo "2315"]
[BlackElo "2089"]
[Annotator "Rybka 3 (90s)"]
[PlyCount "95"]
[EventDate "2008.??.??"]
[SourceDate "2006.11.11"]

{B14: Caro-Kann: Panov-Botvinnik Attack with 5...e6 and 5...g6} {Hi, this is
FM Ron Simpson with some opening remarks.   Round 2 of the NC Open was fun
game for me and my best game of the tournament.  My opponent, Vladimir
Tkatchouk, appeared especially confident and determined. He moved his pieces
with certainty.  The Caro-Kann has never given me much problem and  we entered
into the Panov -Botvinnik variation with Black playing e6 and Be7.  My 7.g4
move just seemed correct, and a perfect fit for my playing style. The game was
dynamic and filled with tactics.} 1. e4 c6 {Prevents intrusion on b5} (1... Nc6
2. Nf3 $14) 2. c4 (2. Be2 d5 3. e5 Nh6 $11) 2... d5 3. exd5 cxd5 4. d4 {
Black has a cramped position. Black's piece can't move: f8} (4. cxd5 Nf6 $11)
4... Nf6 $11 5. Nf3 e6 {White has an active position} 6. Nc3 {
Black is behind in developement} Be7 7. g4 (7. cxd5 exd5 8. Bd3 O-O $14) 7...
h6 {Consolidates g5} (7... Nc6 8. Bd3 $11) 8. Rg1 (8. cxd5 Nxd5 9. Bg2 O-O $15)
8... Nc6 9. g5 hxg5 10. Bxg5 {White has a very active position} a6 {
White has an active position} (10... dxc4 11. Bxc4 a6 12. a3 $15) 11. Bf4 (11.
cxd5 exd5 (11... Nxd5 $143 12. Bxe7 Ncxe7 13. Nxd5 Qxd5 14. Rxg7 $11) 12. Bd3
Qd6 $15) 11... g6 {White has a very active position} (11... dxc4 12. Bxc4 b5
$15) 12. Qc2 (12. Ne5 $142 $5 $11 {should be examined more closely}) 12... dxc4
$17 13. O-O-O (13. Bxc4 $142 Nxd4 14. Qd1 Nxf3+ 15. Qxf3 $17) 13... b5 (13...
Nb4 14. Qb1 Nfd5 15. Bd2 $17) 14. Rxg6 $2 {
White traps the enemy king in the center} (14. Ne5 Nb4 (14... Nxd4 $143 15. Qb1
Qb6 16. Nxf7 $14) 15. Nxf7 Nxc2 16. Nxd8 Nb4 $11 (16... Kxd8 $143 17. Kxc2 Nd5
18. Be5 $11)) 14... Nd5 (14... Bb7 15. Qb1 Nb4 16. Ne5 $17) 15. Rh6 (15. Be5
Rf8 (15... fxg6 $6 16. Bxh8 Kf7 17. Ne5+ Nxe5 18. Bxe5 $11) 16. Rg3 Ncb4 (16...
Nxe5 $143 17. Nxe5 (17. dxe5 $143 Bb7 $17) 17... Bb7 18. Nxd5 Bxd5 19. Kb1 $11)
17. Nxd5 Nxc2 (17... Nxd5 $143 18. Bg7 $14) (17... exd5 $6 18. Qb1 $11) 18.
Nc7+ Qxc7 19. Bxc7 Nb4 $15) 15... Rxh6 (15... Rf8 16. Ne5 Ncb4 17. Qe4 $17) 16.
Bxh6 f5 {Black has a new backward pawn: e6} (16... Bb7 $5 17. Be2 Nf6 $17) 17.
Qe2 $11 Nxc3 18. bxc3 Qa5 {Black threatens to win material: Qa5xc3} 19. Qc2 (
19. Bg2 Qxc3+ 20. Kb1 Qb4+ 21. Ka1 Bd7 $11) 19... Bf6 (19... Bb7 20. Re1 Nb4
21. cxb4 Qa3+ 22. Qb2 Qxf3 23. Rxe6 $15) 20. Bg2 Ra7 21. Bg5 (21. Re1 Rh7 22.
Bd2 Rg7 23. Qxf5 Qxa2 24. Qxf6 Qa1+ 25. Kc2 Qa2+ 26. Kc1 Rxg2 $11) 21... Bg7 (
21... b4 $142 $5 22. Bd2 Rc7 $17) 22. Re1 Kf7 {Black king safety dropped} (
22... Kf8 23. Nd2 Qa3+ 24. Kb1 $11) 23. Be3 Nd8 (23... Ne7 24. Bd2 Qa3+ 25. Kb1
$14) 24. Ne5+ (24. h4 Kg8 $14) 24... Bxe5 25. dxe5 {
White has the pair of bishops.} Rd7 26. Bc5 (26. Bf3 $142 Kg8 27. Rg1+ Rg7 28.
Rxg7+ Kxg7 29. Bg5 $14) 26... Rd3 $4 {Attacking the isolated pawn on c3.
throwing away the advantage. An ideal square for the black rook.} (26... Nb7
$142 {this is the best way to fight back} 27. Bb4 Qd8 $11) 27. Bb4 $18 Qc7 28.
Qe2 Ke8 $4 {shortens the misery for Black} (28... Kg8 29. Be4 Rd7 $18) 29. Qh5+
Qf7 30. Qh8+ Kd7 31. Bf1 (31. Rg1 $142 {and White has it in the bag} a5 32.
Bxa5 $18) 31... Rd5 32. Be2 Qg6 33. Qh4 $4 {forfeits the advantage} (33. Bh5
Nf7 34. Qxc8+ Kxc8 35. Bxg6 Nxe5 $18) 33... Qg7 (33... Nc6 34. Bf3 Nxb4 35.
cxb4 $11) 34. Bf3 {White threatens to win material: Bf3xd5} (34. Qf6 $142 $5
Qxf6 35. exf6 $18) 34... Rd3 $14 {Black threatens to win material: Rd3xf3} 35.
Be2 {White threatens to win material: Be2xd3} Rd5 36. f4 Bb7 (36... Nc6 37. Ba3
$16) 37. Qf2 Nc6 $4 {the position is going down the drain} (37... Kc8 $142 $16)
38. Qb6 $18 Kc8 39. Rg1 (39. Bf3 $142 {makes it even easier for White} Nxb4 40.
cxb4 Rd7 41. Bxb7+ Rxb7 42. Qxe6+ Qd7 43. Qxa6 Kb8 $18) 39... Qh8 $2 (39... Qc7
40. Qxc7+ Kxc7 41. Bd6+ Kb6 42. Rg7 $18) 40. Bf3 (40. Bd6 $142 {
makes it even easier for White} Rxd6 41. exd6 Qxc3+ 42. Kb1 Qb4+ 43. Kc2 Qa4+
44. Kd2 Qb4+ 45. Ke3 Qc3+ 46. Kf2 Qd4+ 47. Qxd4 Nxd4 48. h4 $18) 40... Nxb4 $4
{Black crumbles in face of a dire situation} (40... Qd8 $142 41. Ba5 Qxb6 42.
Bxb6 Ne7 43. Bxd5 Nxd5 $18) 41. Qxe6+ Kc7 42. Bxd5 Nxd5 43. Rg8 Qxg8 44. Qxg8
Nxf4 (44... Nxc3 {does not improve anything} 45. e6 Nd5 46. Qf7+ Kb6 47. Qxf5
$18) 45. Qf7+ (45. Qh7+ $142 $5 {might be the shorter path} Kb8 46. Qxf5 Nd3+
47. Kd2 Bc6 $18) 45... Kb6 46. Qf6+ (46. Qxf5 $142 {seems even better} Nd3+ 47.
Kd2 Nc5 $18) 46... Kc7 (46... Bc6 {hardly improves anything} 47. Qxf5 Nd5 48.
Kd2 $18) 47. Qd6+ Kc8 48. e6 (48. e6 Nd5 49. Qd7+ Kb8 50. Qd8+ Ka7 51. e7 Nxe7
52. Qxe7 $18) 1-0

[Event "NC Open Championship"]
[Site "Greensboro, NC"]
[Date "2008.10.31"]
[Round "1"]
[White "Newsom , Gary"]
[Black "Simpson , Ron"]
[Result "0-1"]
[WhiteElo "2019"]
[BlackElo "2315"]
[Annotator "Rybka 3 (90s)"]
[PlyCount "62"]
[EventDate "2008.??.??"]
[SourceDate "2006.11.11"]

{A57: Benko/Volga Gambit} {Hi, this is FM Ron Simpson with some opening
remarks.    In Round 1 of the NC Open, Gary Newsom faced my Benko Gambit with
4.Qc2.  This move just seemed out of place, but I guess this is a line played
by many strong masters. I focused my thoughts on trying to exploit the move
order.   I got into trouble with my plan which won the exchange, but my Queen
was actually in jeopardy on a1. Newsom missed trapping my Queen with 10. b5
and I would have to give up a piece to get the queen out. In our post game
analysis we found that Gary made his 10th move too quickly, allowing me to
escape the test.  Still, it would have been quite complicated since I would
have had some compensation, with a Rook and pawn vs two minor pieces.} 1. d4
Nf6 2. c4 c5 3. d5 {White wins space} b5 (3... g6 4. Nd2 $11) 4. Qc2 (4. cxb5
a6 5. bxa6 e6 $14) 4... bxc4 (4... e6 5. Nc3 $11) 5. e4 e6 {
Black threatens to win material: e6xd5} 6. Bxc4 {A sound move} Na6 (6... exd5
7. exd5 Bd6 8. Qe2+ Qe7 9. Qxe7+ Bxe7 10. Nc3 $11) 7. a3 {
Black has a cramped position} (7. Qe2 Nc7 8. Nc3 d6 $14) 7... Qa5+ (7... exd5
8. exd5 Bd6 9. Nc3 $14) 8. Bd2 (8. Nc3 exd5 9. exd5 Bd6 $16) 8... Nb4 (8... Qb6
9. Nf3 $16) 9. axb4 {Sacrifices material} Qxa1 10. bxc5 (10. b5 $142 {
would allow White to play on} Bb7 11. Bc3 exd5 12. exd5 Bxd5 13. Bxf6 gxf6 14.
Bxd5 $18) 10... Rb8 $17 {Black threatens to win material: Rb8xb2} 11. Bc3 (11.
b3 $5 Qd4 12. Nc3 Bxc5 13. Be3 Qxc3+ 14. Qxc3 $17) 11... Bxc5 12. Nf3 (12. Ne2
Bb4 13. b3 Bxc3+ 14. Nexc3 O-O $19) 12... Bb4 13. Bxb4 (13. O-O Bxc3 14. Nxc3
Rxb2 15. Qd3 $19 (15. Rxa1 $2 {
may look interesting but has some grave disadvantages} Rxc2 16. Nb5 Nxe4 $19 (
16... Rxc4 $6 {is the less attractive alternative} 17. Nd6+ Ke7 18. Nxc4 Nxe4
19. dxe6 $15))) 13... Rxb4 $19 14. b3 Ba6 15. Nfd2 Bxc4 16. bxc4 (16. Nxc4 O-O
17. O-O $19) 16... Rb2 17. Qd3 O-O (17... Rxd2 $142 $5 {
keeps an even firmer grip} 18. Kxd2 Qb2+ 19. Ke1 $19) 18. O-O Qa2 (18... e5 19.
h3 $19) 19. e5 Ng4 20. Qg3 (20. Qe4 f5 (20... Rxd2 $6 21. Nxd2 Qxd2 22. Qxg4
$15) 21. Qd4 Rfb8 $19) 20... Nh6 (20... Rxd2 $6 21. Nxd2 Nxh2 22. Rd1 $15) 21.
Nc3 Qa6 (21... Nf5 22. Qg4 Qa3 23. Nce4 $19) 22. Nce4 Nf5 23. Qg5 (23. Qg4 Rc8
$19) 23... h6 24. Qh5 (24. Qg4 Rc2 $19) 24... exd5 25. Qxf5 (25. cxd5 Ne7 26.
d6 Ng6 $19) 25... dxe4 26. Nxe4 (26. Qxd7 Qa5 27. Nxe4 Qxe5 $19) 26... Qxc4 27.
g4 (27. Nd6 {cannot undo what has already been done} Qe6 28. Qd3 Qb3 $19) 27...
Qe6 (27... Rfb8 {and Black can already relax} 28. g5 hxg5 29. Nxg5 $19) 28. Nc5
(28. Ra1 {cannot change destiny} Rb5 29. Qxe6 fxe6 30. Rxa7 Rxe5 $19) 28...
Qxf5 29. gxf5 Rd2 30. Ra1 Rd5 31. Nb3 (31. Nb7 {does not solve anything} Rxe5
32. Rxa7 Rxf5 $19) 31... Rb8 (31... Rb8 32. Na5 Rc5 $19) 0-1